Integration of Electromobility Education into University Study Programmes

Tento článok skúma úlohu vysokoškolského vzdelávania pri príprave študentov na prechod na udržateľnú mobilitu s osobitným dôrazom na elektromobilitu. Zameriava sa na Fakultu podnikového manažmentu na Bratislavskej ekonomickej univerzite a skúma pripravenosť a vnímanie študentov v troch akademických...

Descrizione completa

Salvato in:
Dettagli Bibliografici
Autore principale: Richnák, Patrik, 1988-
Natura: Capitolo di libro
Lingua:inglese
Soggetti:
Tags: Aggiungi Tag
Nessun Tag, puoi essere il primo ad aggiungerne!!

MARC

LEADER 00000naa$a2200000$$$4500
001 0311776
005 20260309093726.5
041 0 |a eng 
044 |a ES 
245 1 0 |a Integration of Electromobility Education into University Study Programmes  |c Patrik Richnák 
520 |a Tento článok skúma úlohu vysokoškolského vzdelávania pri príprave študentov na prechod na udržateľnú mobilitu s osobitným dôrazom na elektromobilitu. Zameriava sa na Fakultu podnikového manažmentu na Bratislavskej ekonomickej univerzite a skúma pripravenosť a vnímanie študentov v troch akademických programoch: Podniková ekonomika a manažment (bakalársky stupeň), Podniková ekonomika a Všeobecný manažment (magisterský stupeň). Prostredníctvom štruktúrovaného kvantitatívneho prieskumu boli zozbierané údaje od 153 študentov, 51 z každého programu, čo umožňuje vyvážené porovnanie. 
610 2 0 |a vzdelávanie 
610 2 0 |a elektromobilita 
610 2 0 |a udržateľnosť 
610 2 0 |a doprava 
100 1 |a Richnák, Patrik, 1988-